000 01696nac a22003011u 4500
010 _a 2003017879
020 _a0807828343 (cloth : alk. paper)
020 _a0807855081 (pbk. : alk. paper)
082 0 0 _a327.7301749
_bYAQ
090 _c8545
_d8545
100 _aYaqub, Salim.
245 1 0 _aContaining Arab nationalism :
_bthe Eisenhower doctrine and the Middle East /
_cSalim Yaqub.
260 _aChapel Hill :
_bUniversity of North Carolina Press,c2004.
_cc2004.
300 _ax, 377 p. :
_bill. maps ;
_c25 cm.
440 4 _aThe new Cold War history
500 _aDistributer: Baccah.
504 _aIncludes bibliographical references (p. [347]-359) and index.
505 0 _aThe United States and the Arab Middle East, 1941-1956 -- Birth of a doctrine, November 1956-January 1957 -- Launching the doctrine, January-April 1957 -- The conservative moment, March-June 1957 -- The Syrian crisis, July-December 1957 -- The Nasserist onslaught, January-April 1958 -- The Lebanese crisis, April-July 1958 -- Death of a doctrine, July 1958-December 1960.
511 _aCatalogued By: Mahitab.
650 0 _aArab nationalism.
651 0 _aMiddle East
_xForeign relations
_zUnited States.
651 0 _aUnited States
_xForeign relations
_zMiddle East.
651 0 _aUnited States
_xForeign relations
_y1953-1961.
856 4 2 _3Publisher description
_uhttp://www.loc.gov/catdir/description/unc041/2003017879.html
856 4 2 _3Table of contents
_uhttp://www.loc.gov/catdir/toc/ecip047/2003017879.html
942 _cBB
_k327.7301749YAQ
999 _c8545
_d8545